<?xml version="1.0" encoding="UTF-8"?>
<record
    xmlns:xsi="http://www.w3.org/2001/XMLSchema-instance"
    xsi:schemaLocation="http://www.loc.gov/MARC21/slim http://www.loc.gov/standards/marcxml/schema/MARC21slim.xsd"
    xmlns="http://www.loc.gov/MARC21/slim">

  <leader>00879nam0a22002531  4500</leader>
  <controlfield tag="001">rc\140118</controlfield>
  <controlfield tag="005">20250620204223.0</controlfield>
  <datafield tag="010" ind1=" " ind2=" ">
    <subfield code="a">5-7405-0232-2</subfield>
    <subfield code="9">1000</subfield>
  </datafield>
  <datafield tag="035" ind1=" " ind2=" ">
    <subfield code="a">(NLR Aleph) 005411830</subfield>
  </datafield>
  <datafield tag="090" ind1=" " ind2=" ">
    <subfield code="a">7382082</subfield>
    <subfield code="c">7382082</subfield>
  </datafield>
  <datafield tag="100" ind1=" " ind2=" ">
    <subfield code="a">20030307d1995    |||y0rusy50      ca</subfield>
  </datafield>
  <datafield tag="101" ind1="0" ind2=" ">
    <subfield code="a">rus</subfield>
  </datafield>
  <datafield tag="102" ind1=" " ind2=" ">
    <subfield code="a">RU</subfield>
  </datafield>
  <datafield tag="105" ind1=" " ind2=" ">
    <subfield code="a">a   |||||||||</subfield>
  </datafield>
  <datafield tag="200" ind1="1" ind2=" ">
    <subfield code="a">&#x42D;&#x440;&#x43A;&#x435;&#x43C;&#x435;&#x43D; - &#x447;&#x435;&#x43B;&#x43E;&#x432;&#x435;&#x43A; &#x43B;&#x430;&#x441;&#x43A;&#x43E;&#x432;&#x44B;&#x439;</subfield>
    <subfield code="e">[&#x41E; &#x42D;.&#x41C;. &#x41F;&#x430;&#x43B;&#x43A;&#x438;&#x43D;&#x435;</subfield>
    <subfield code="f">&#x41F;&#x43E;&#x441;&#x43B;&#x435;&#x441;&#x43B;. &#x412;. &#x428;&#x430;&#x442;&#x44B;&#x433;&#x438;&#x43D;&#x430;]</subfield>
  </datafield>
  <datafield tag="210" ind1=" " ind2=" ">
    <subfield code="a">&#x411;&#x430;&#x440;&#x43D;&#x430;&#x443;&#x43B;</subfield>
    <subfield code="c">&#x410;&#x43B;&#x442;. &#x43A;&#x43D;. &#x438;&#x437;&#x434;-&#x432;&#x43E;</subfield>
    <subfield code="d">1995</subfield>
  </datafield>
  <datafield tag="215" ind1=" " ind2=" ">
    <subfield code="a">98, [2] &#x441;., [4] &#x43B;. &#x438;&#x43B;.</subfield>
    <subfield code="c">&#x43F;&#x43E;&#x440;&#x442;&#x440;.</subfield>
    <subfield code="d">20</subfield>
  </datafield>
  <datafield tag="320" ind1=" " ind2=" ">
    <subfield code="a">&#x411;&#x438;&#x431;&#x43B;&#x438;&#x43E;&#x433;&#x440;. &#x43E; &#x436;&#x438;&#x437;&#x43D;&#x438; &#x438; &#x442;&#x432;&#x43E;&#x440;&#x447;&#x435;&#x441;&#x442;&#x432;&#x435; &#x42D;.&#x41C;. &#x41F;&#x430;&#x43B;&#x43A;&#x438;&#x43D;&#x430;: &#x441;. 89-94</subfield>
  </datafield>
  <datafield tag="700" ind1=" " ind2="1">
    <subfield code="a">&#x41A;&#x430;&#x442;&#x430;&#x448;</subfield>
    <subfield code="b">&#x421;.&#x421;.</subfield>
    <subfield code="f">1925-</subfield>
    <subfield code="g">&#x421;&#x435;&#x440;&#x433;&#x435;&#x439; &#x421;&#x435;&#x440;&#x433;&#x435;&#x435;&#x432;&#x438;&#x447;</subfield>
  </datafield>
  <datafield tag="801" ind1=" " ind2="0">
    <subfield code="a">RU</subfield>
    <subfield code="b">NLR</subfield>
    <subfield code="g">psbo</subfield>
  </datafield>
  <datafield tag="801" ind1=" " ind2="1">
    <subfield code="a">RU</subfield>
    <subfield code="b">ELAR</subfield>
    <subfield code="2">rusmarc</subfield>
  </datafield>
  <datafield tag="852" ind1=" " ind2=" ">
    <subfield code="a">NLR</subfield>
    <subfield code="j">96-4/9367</subfield>
  </datafield>
  <datafield tag="942" ind1=" " ind2=" ">
    <subfield code="c">BOOK</subfield>
  </datafield>
  <datafield tag="980" ind1=" " ind2=" ">
    <subfield code="a">NB</subfield>
  </datafield>
  <datafield tag="995" ind1=" " ind2=" ">
    <subfield code="5">2013-10-26</subfield>
    <subfield code="b">NLR01</subfield>
    <subfield code="c">NLR01</subfield>
    <subfield code="e">RF8</subfield>
    <subfield code="f">5411830-10</subfield>
    <subfield code="k">96-4/9367</subfield>
    <subfield code="o">0</subfield>
    <subfield code="r">BOOK</subfield>
    <subfield code="s">9649367_</subfield>
  </datafield>
</record>
